Estudio del encolado a partir de materias primas nacionales para la obtención de papel en usos diversos en la industria .
Guardado en:
| Hovedforfatter: | |
|---|---|
| Format: | Bog |
| Udgivet: |
[San José , Costa Rica]
1986
|
| Fag: | |
| Tags: |
Tilføj Tag
Ingen Tags, Vær først til at tagge denne postø!
|
MARC
| LEADER | 00000nam a2200000Ia 4500 | ||
|---|---|---|---|
| 003 | 004116 | ||
| 005 | 20221231144354.0 | ||
| 008 | 140114s1986 cr a m 000 ||s d | ||
| 040 | |c cru CEDI | ||
| 090 | |a TFG 1852 | ||
| 100 | |a Espinoza Blanco, Myriam R |9 14109 | ||
| 245 | |a Estudio del encolado a partir de materias primas nacionales para la obtención de papel en usos diversos en la industria . | ||
| 260 | |c 1986 |a [San José , Costa Rica] | ||
| 300 | |a xvii, 141 hojas : ilustraciones ; 28 cm | ||
| 500 | |a Proyecto de graduación (licenciatura en ingeniería química)--Universidad de Costa Rica. Facultad de Ingeniería. Escuela de Ingeniería Química | ||
| 650 | |x PAPEL - INDUSTRIA Y COMERCIO |x RAQUIS DE BANANO |9 14110 | ||
| 942 | |c TFG |2 ddc | ||
| 999 | |c 20882 |d 20882 | ||
